| 000 | 00653nam a2200217 a 4500 | ||
|---|---|---|---|
| 999 |
_c5198 _d5198 |
||
| 001 | 5198 | ||
| 003 | BD-JhCC | ||
| 005 | 20171210164631.0 | ||
| 008 | 171210s1989 bg ||||| ||a| 001 0 eng d | ||
| 035 | _a(BD-JhCC) 5198 | ||
| 040 |
_aBD-JhCC _dBD-JhCC |
||
| 041 | _aeng | ||
| 082 |
_a307.72095492 _bKHA 1989 |
||
| 100 | _aKhan, Shakeeb Adnan | ||
| 245 |
_aThe State and Village Society-The Political Economy of Agricultural Development in Bangladesh / _c Shakeeb Adnan Khan |
||
| 260 |
_aDhaka : _bUniversity Press Limited , _c1989 |
||
| 300 |
_a189 p .: _c22 cm . |
||
| 650 | _aAgriculture and state, Bangladesh | ||
| 942 |
_2ddc _cBK |
||